000 00497nam a2200181 a 4500
001 1769854928002
003 YourLibrary
005 20260131162126.0
008 260131s2006##################000#0#eng##
020 _a9780073269696
082 0 4 _a332
_bBOD
100 1 _aBodie, Zvi,
_eauthor.
245 1 0 _aStudent Problem Manual to accompany Investments :
260 _bMcGraw-Hill/Irwin,
_c2006.
650 0 _aBusiness & Economics.
942 _cENGLISH
040 _aYourLibrary
_beng
_cYourLibrary
999 _c609604
_d609604